01016nam a2200241 a 4500008004100000020001500041050001400056100002000070245003800090250001200128260003200140300001500172350000900187500002000196650003600216650000800252700002800260700002400288995014900312995014800461995014800609999001700757120416s1981 ||||||||||||||||| || u a0070131864 aKB 39 Cor aBlack, Robert L14aThe legal environment of business a5th ed. aNew YorkbMcGraw-Hillc1981 axiv, 614p. a0.00 aIncludes index. aTRADE REGULATION--UNITED STATES aLAW aReed, O. Lee (Omer Lee) aCorley, Robert Neil aMAIN LIBRARY OPEN ACCESSD0.00e713256FCBU-MAIN LIBRARY (Kitwe)H1I29.95jKB 39 CorM2UAVAILABLEy008529ZMain Library Open Access Collection aANNEX COLLECTION (Main Library)D0.00e713255FCBU-MAIN LIBRARY (Kitwe)H2I29.95jKB 39 CorM1UAVAILABLEy008528ZAnnex Low-Usage Collection  aANNEX COLLECTION (Main Library)D0.00e713257FCBU-MAIN LIBRARY (Kitwe)H3I29.95jKB 39 CorM3UAVAILABLEy008530ZAnnex Low-Usage Collection  c82165d82165